Champion de League Of Legends - Statistiques

Statistiques générales
  • Ce quiz a été pris 130 fois
    23 depuis la dernière actualisation
  • Le résultat moyen est 136 sur 172
Statistiques - réponses
Par images Réponse % Correct
jinx
100%
aphelios
94%
ashe
94%
briar
94%
gwen
94%
heimerdinger
94%
janna
94%
kalista
94%
karma
94%
kayle
94%
leona
94%
lulu
94%
morgana
94%
orianna
94%
rell
94%
samira
94%
teemo
94%
viego
94%
vladimir
94%
zoe
94%
anivia
89%
annie
89%
aurelion sol
89%
brand
89%
caitlyn
89%
camille
89%
cho gath
89%
corki
89%
dr mundo
89%
fiddlesticks
89%
fizz
89%
garen
89%
jarvan iv
89%
jhin
89%
kaisa
89%
karthus
89%
kled
89%
ksante
89%
leblanc
89%
lee sin
89%
lillia
89%
malzahar
89%
miss fortune
89%
mordekaiser
89%
nautilus
89%
poppy
89%
quinn
89%
rumble
89%
seraphine
89%
sett
89%
shaco
89%
shyvana
89%
sion
89%
smolder
89%
swain
89%
sylas
89%
syndra
89%
talon
89%
twitch
89%
vayne
89%
veigar
89%
vex
89%
viktor
89%
volibear
89%
warwick
89%
xerath
89%
yuumi
89%
zed
89%
aatrox
83%
ambessa
83%
amumu
83%
bel veth
83%
braum
83%
cassiopia
83%
darius
83%
ekko
83%
galio
83%
gnar
83%
ivern
83%
jax
83%
kassadin
83%
lux
83%
maokai
83%
milio
83%
naafiri
83%
nami
83%
nasus
83%
nocturne
83%
nunu et willump
83%
olaf
83%
ornn
83%
pantheon
83%
pyke
83%
qiyana
83%
renekton
83%
sejuani
83%
sona
83%
tristana
83%
trundle
83%
tryndamere
83%
twisted fate
83%
varus
83%
zeri
83%
aurora
78%
blitzcrank
78%
elise
78%
gragas
78%
hwei
78%
kayn
78%
kindred
78%
maitre yi
78%
neeko
78%
rakan
78%
renata glasc
78%
rengar
78%
riven
78%
shen
78%
singed
78%
urgot
78%
vi
78%
xinzhao
78%
yasuo
78%
yone
78%
akali
72%
alistar
72%
ezreal
72%
gangplank
72%
jayce
72%
katarina
72%
kennen
72%
ryze
72%
udyr
72%
ambessa
67%
azir
67%
bard
67%
draven
67%
evelynn
67%
khazix
67%
malphite
67%
mel
67%
nilah
67%
reksai
67%
wukong
67%
zac
67%
zilean
67%
fiora
61%
rammus
61%
sivir
61%
soraka
61%
tahm kench
61%
yorick
61%
diana
56%
skarner
56%
velkoz
56%
yunara
56%
ziggs
56%
ahri
50%
graves
50%
irelia
50%
kog maw
50%
nidalee
50%
senna
50%
taliyah
50%
taric
50%
xayah
50%
zyra
50%
akshan
44%
hecarim
44%
illlaoi
44%
lissandra
44%
lucian
44%
thresh
44%
Aucun quiz correspondant
Distribution des résultats
% des personnes avec chaque résultat
Percentile par nombre de réponses
Votre historique - résultats
Vous n’avez pas pris ce quiz depuis la dernière actualisation